000 00367 a2200169 4500
001 185585
020 _a85-7056-642-5
040 _cMagnum
100 _aJunqueira, Sonia
240 1 0 _aAdivinha, adivinhão!
_lpor
245 1 0 _aAdivinha, adivinhão!
300 _a24
362 0 _a1994
440 1 _aAtual
697 _aLITERATURA INFANTO-JUVENIL
942 _cBK
999 _c185585
_d185585